000 00355nam a22000977a 4500
008 130911b xxu||||| |||| 00| 0 eng d
010 _aCACAF-61
245 _aCourt of Appeal Civil Appeal No. 58 of 2002 1.Costa Bwambale 2.Joseph Matte vs 1. Yosafa Matte and 3 others
260 _aCourt of Appeal Kampala
_c26/05/2005
500 _3Justice A.E. N. Mpagi Bahigeine
999 _c5745
_d5745